| 000 | 00526nam a2200193Ia 4500 | ||
|---|---|---|---|
| 005 | 20250508150654.0 | ||
| 008 | 008 250505s9999 xx 000 0 eng d | ||
| 037 | _aTextual | ||
| 040 |
_aFEDL _beng _cFEDL |
||
| 041 |
_aeng _2eng |
||
| 084 |
_a370.954 ADA/O, ADA _qFEDL |
||
| 100 |
_aAdam William _9638173 |
||
| 245 | 0 | _aReport on the State of education in Bengal | |
| 260 | _c1941 | ||
| 300 | _alxvii,578p. | ||
| 365 |
_aINR _b5 |
||
| 942 |
_cTEXL _h370.954 ADA/O, ADA |
||
| 999 |
_c1324951 _d1324951 |
||